Party structure rights in London (Record no. 85695)
[ view plain ]
| 000 -LEADER | |
|---|---|
| fixed length control field | 00522cam a2200205 4500 |
| 001 - CONTROL NUMBER | |
| control field | D6596 |
| 008 - FIXED-LENGTH DATA ELEMENTS--GENERAL INFORMATION | |
| fixed length control field | 970304 1961 |
| 035 ## - SYSTEM CONTROL NUMBER | |
| System control number | (Sirsi) u1786 |
| 041 0# - LANGUAGE CODE | |
| Language code of text/sound track or separate title | eng |
| 050 04 - LIBRARY OF CONGRESS CALL NUMBER | |
| Classification number | 692.209421 $2 18 |
| 100 1# - MAIN ENTRY--PERSONAL NAME | |
| Personal name | Leach, W. A. |
| 245 00 - TITLE STATEMENT | |
| Title | Party structure rights in London |
| 260 ## - PUBLICATION, DISTRIBUTION, ETC. | |
| Place of publication, distribution, etc. | London |
| Name of publisher, distributor, etc. | Estates Gazette |
| Date of publication, distribution, etc. | 1961 |
| 300 ## - PHYSICAL DESCRIPTION | |
| Extent | vi, 72p. |
| Dimensions | 22cm |
| 350 ## - PRICE (NR) (BK AM CF MU VM SE) [OBSOLETE] | |
| Price | 1.20 |
| 651 #4 - SUBJECT ADDED ENTRY--GEOGRAPHIC NAME | |
| Geographic name | London (London County Council) |
| Chronological subdivision | 1889-1965 |
| 690 ## - LOCAL SUBJECT ADDED ENTRY--TOPICAL TERM (OCLC, RLIN) | |
| Topical term or geographic name as entry element | Party walls |
| 9 (RLIN) | 6258 |
| 942 ## - ADDED ENTRY ELEMENTS (KOHA) | |
| Suppress in OPAC | 0 |
| 948 ## - LOCAL PROCESSING INFORMATION (OCLC); SERIES PART DESIGNATOR (RLIN) | |
| c (OCLC) | 04/03/1997 |
| Withdrawn status | Lost status | Source of classification or shelving scheme | Damaged status | Not for loan | Home library | Current library | Shelving location | Date acquired | Cost, normal purchase price | Total Checkouts | Full call number | Barcode | Date last seen | Date last checked out | Copy number | Cost, replacement price | Price effective from | Koha item type |
|---|---|---|---|---|---|---|---|---|---|---|---|---|---|---|---|---|---|---|
| Dewey Decimal Classification | London | London | Basement | 14/09/1999 | 1.20 | 3 | SHELF 113 | 30024129 | 06/08/2019 | 19/12/2000 | 1 | 1.20 | 06/08/2019 | Book |